000 01500 a2200217 4500
001 46058
005 20260407155733.0
008 260407a1998 arg spa d
003 AR-UNSa-BCEJYS
040 _aAR-UNSa-BCEJYS
_bspa
_cAR-UNSa-BCEJYS
080 _a330.43
_xEconometría
245 1 0 _aEconometría
_pModelos econométricos y series temporales con los paquetes TSP y TSP
020 _a84-291-2613-9
264 1 _aBarcelona :
_bReverté
_c1998
300 _a2v.(302 - 282 p.)
_c24 cm.
505 _aVol. I: 1. Introducción a los modelos econométricos – 2. Asociación entre variables. El método de mínimos cuadrados – 3. El modelo lineal uniecuacional – 4. Problemas en la estimación de modelos – 5. El modelo lineal general – 6. Modelos con variables cualitativas – 7. Micro-TSP – 8. TSP – Vol. II: Parte 1: Modelos econométricos multiecuacionales 1: 1. Modelos multiecuacionales. Especificación – 2. Modelos multiecuacionales. Estimación y predicción – Parte 2: Predicción económica y series temporales: 3. La predicción en la economía – 4. Modelización de una serie – 5. Series estacionarias: Modelos Arma. Modelos Arina – 6. Análisis clásico de series – 7. Modelos de función de transferencia – 8. Análisis espectral -
942 _cBK
590 _aniveau_biblio:m niveau_hierar:0
100 1 _aCaridad y Ocerín, José Maria
856 4 1 _uhttps://www.biblioeco.unsa.edu.ar/pmb/images/libros/L127300.jpg
_yImagen de portada
_qimage/jpeg
999 _c4132
_d4132